Normal view MARC view
  • रावल-सिन्हा म

Entry Personal Name

Number of records used in: 1

001 - CONTROL NUMBER

  • control field: 217002

003 - CONTROL NUMBER IDENTIFIER

  • control field: OSt

005 - DATE AND TIME OF LATEST TRANSACTION

  • control field: 20260311113136.0

008 - FIXED-LENGTH DATA ELEMENTS

  • fixed length control field: 260311|| aca||aabn | a|a d

040 ## - CATALOGING SOURCE

  • Original cataloging agency: OSt
  • Transcribing agency: OSt

100 ## - HEADING--PERSONAL NAME

  • Personal name: रावल-सिन्हा म

670 ## - SOURCE DATA FOUND

  • Source citation: Work cat.: (OSt)370662: रावल-सिन्हा म., महिला क्रांतिकारकांच्या कथा भाग १, 2023